Normal view MARC view
  • चौधरी प्रफुल्‍ल

Entry Personal Name

Number of records used in: 2

001 - CONTROL NUMBER

  • control field: 60200

003 - CONTROL NUMBER IDENTIFIER

  • control field: OSt

005 - DATE AND TIME OF LATEST TRANSACTION

  • control field: 20220806110103.0

008 - FIXED-LENGTH DATA ELEMENTS

  • fixed length control field: 220806|| aca||aabn | a|a d

040 ## - CATALOGING SOURCE

  • Original cataloging agency: OSt
  • Transcribing agency: OSt

100 ## - HEADING--PERSONAL NAME

  • Personal name: चौधरी प्रफुल्‍ल

670 ## - SOURCE DATA FOUND

  • Source citation: Work cat.: (OSt)34412: चौधरी प्रफुल्‍ल, उत्‍तम आरोग्‍य, 2010